| Tag |
First Indicator |
Second Indicator |
Subfields |
| LEADER |
00000cam a22000001a 4500 |
| 001 |
in00004100417 |
| 005 |
20200117091305.0 |
| 006 |
m d f |
| 007 |
cr bn mmmapmmp |
| 008 |
100706s2010 dcua ob f000 0 eng d |
| 035 |
|
|
|a chdc201001356
|
| 040 |
|
|
|a UMI
|c UMI
|d UtOrBLW
|
| 042 |
|
|
|a pcc
|
| 043 |
|
|
|a n-us---
|
| 074 |
|
|
|a 1037-B
|
| 086 |
0 |
|
|a Y 4.G 74/9:S.HRG.110-1036
|
| 110 |
1 |
|
|a United States.
|b Congress.
|b Senate.
|b Committee on Homeland Security and Governmental Affairs.
|0 http://id.loc.gov/authorities/names/no2005015918
|
| 245 |
1 |
0 |
|a World at risk :
|b a report from the Commission on the Prevention of Weapons of Mass Destruction Proliferation and Terrorism : hearing before the Committee on Homeland Security and Governmental Affairs, United States Senate, One Hundred Tenth Congress, second session, December 11, 2008.
|
| 264 |
|
1 |
|a Washington :
|b U.S. G.P.O.,
|c 2010.
|
| 264 |
|
2 |
|a Washington :
|b For sale by the Supt. of Docs., U.S. G.P.O.
|
| 300 |
|
|
|a iii, 212 pages :
|b illustrations, digital, PDF file.
|
| 336 |
|
|
|a text
|b txt
|2 rdacontent
|
| 337 |
|
|
|a computer
|b c
|2 rdamedia
|
| 338 |
|
|
|a online resource
|b cr
|2 rdacarrier
|
| 490 |
1 |
|
|a S. hrg. ;
|v 110-1036
|
| 500 |
|
|
|a Shipping list number: 2010-0332-P.
|
| 504 |
|
|
|a Includes bibliographical references.
|
| 500 |
|
|
|a Record is based on bibliographic data in ProQuest Congressional Hearings Digital Collection. Reuse except for individual research requires license from ProQuest, LLC.
|
| 500 |
|
|
|a Electronic resource.
|
| 533 |
|
|
|a Electronic reproduction.
|b [Bethesda, Md.] :
|c ProQuest,
|d 2010.
|e digital, PDF file.
|n ProQuest U.S. Congressional Hearings Digital Collection.
|n Mode of access: World Wide Web via ProQuest website.
|
| 538 |
|
|
|a System requirements: PDF reader software.
|
| 610 |
2 |
0 |
|a Commission on the Prevention of Weapons of Mass Destruction Proliferation and Terrorism (U.S.).
|t World at risk.
|
| 650 |
|
0 |
|a Terrorism
|x Prevention.
|0 http://id.loc.gov/authorities/subjects/sh00007517
|
| 650 |
|
0 |
|a Weapons of mass destruction
|x Government policy
|z United States.
|0 http://id.loc.gov/authorities/subjects/sh2010118429
|
| 650 |
|
0 |
|a Weapons of mass destruction.
|0 http://id.loc.gov/authorities/subjects/sh96004190
|
| 650 |
|
0 |
|a Biological weapons.
|0 http://id.loc.gov/authorities/subjects/sh88007496
|
| 650 |
|
0 |
|a Nuclear nonproliferation.
|0 http://id.loc.gov/authorities/subjects/sh85093020
|
| 776 |
0 |
8 |
|i Print version:
|a United States. Congress. Senate. Committee on Homeland Security and Governmental Affairs.
|t World at risk
|w 9780160861512
|w 0160861519
|w (OCoLC)646068124
|
| 776 |
0 |
8 |
|i Microfiche version:
|a United States. Congress. Senate. Committee on Homeland Security and Governmental Affairs.
|t World at risk
|d [Bethesda, Md.] : ProQuest,[2010]
|o CIS 2010 S481-55
|w (ProQuest)cis01003319
|
| 810 |
1 |
|
|a United States.
|b Congress.
|b Senate.
|t S. hrg. ;
|v 110-1036.
|0 http://id.loc.gov/authorities/names/n83707917
|
| 856 |
4 |
0 |
|u http://proxy.library.tamu.edu/login?url=http://search.proquest.com/congcomp/getdoc?HEARING-ID=HRG-2008-HSG-0061
|y Electronic resource (PDF)
|t 0
|
| 998 |
|
|
|a cis01003319
|
| 999 |
f |
f |
|s a3210a1d-0aab-318d-a711-ee8cc63fb844
|i 09b3da36-3c49-36fc-85b6-1ac7ba9567ad
|t 0
|
| 952 |
f |
f |
|a Texas A&M University
|b College Station
|c Electronic Resources
|d Available Online
|t 0
|e Y 4.G 74/9:S.HRG.110-1036
|h Superintendent of Documents classification
|
| 998 |
f |
f |
|a Y 4.G 74/9:S.HRG.110-1036
|t 0
|l Available Online
|